banner

Proyecto rayuela: (Registro nro. 1533)

000 -LEADER
fixed length control field 01032nam a22002297 4500
003 - CONTROL NUMBER IDENTIFIER
control field AR-BaISA
005 - DATE AND TIME OF LATEST TRANSACTION
control field 20231201122112.0
007 - PHYSICAL DESCRIPTION FIXED FIELD--GENERAL INFORMATION
fixed length control field ta
008 - FIXED-LENGTH DATA ELEMENTS--GENERAL INFORMATION
fixed length control field 231201s2004 ag ad||| |||| 000 0 spa d
040 ## - CATALOGING SOURCE
Language of cataloging spa
Transcribing agency AR-BaISA
082 04 - DEWEY DECIMAL CLASSIFICATION NUMBER
Edition number 22
Classification number 616.865 So71
245 10 - TITLE STATEMENT
Title Proyecto rayuela:
Remainder of title actividades lúdicas de prevención del tabaquismo y otras yerbas
260 ## - PUBLICATION, DISTRIBUTION, ETC.
Place of publication, distribution, etc. [Buenos Aires]:
Name of publisher, distributor, etc. Ministerio de Salud y Ambiente,
Date of publication, distribution, etc. [2004]
300 ## - PHYSICAL DESCRIPTION
Extent 191 p.:
Other physical details il., gráfs., tablas
500 ## - GENERAL NOTE
General note Financiado por las becas "Ramón Carrillo-Arturo Oñativia", de la Comisión Nacional de Programas de Investigación Sanitaria (CONAPRIS).
504 ## - BIBLIOGRAPHY, ETC. NOTE
Bibliography, etc. note Bibliografía al final de cada capítulo.
505 ## - FORMATTED CONTENTS NOTE
Title Antecedentes --
-- Material y métodos --
-- La intervención: marco teórico del Proyecto Rayuela --
-- Cuestionarios --
-- Resultados de la investigación cuantitativa --
-- Resultados de la investigación cualitativa
650 10 - SUBJECT ADDED ENTRY--TOPICAL TERM
9 (RLIN) 145
Topical term or geographic name entry element Tabaquismo
650 10 - SUBJECT ADDED ENTRY--TOPICAL TERM
9 (RLIN) 2196
Topical term or geographic name entry element Salud comunitaria
650 10 - SUBJECT ADDED ENTRY--TOPICAL TERM
9 (RLIN) 1330
Topical term or geographic name entry element Adolescencia
942 ## - ADDED ENTRY ELEMENTS (KOHA)
Source of classification or shelving scheme
Koha item type Libros
Edition 22
Existencias
Withdrawn status Lost status Source of classification or shelving scheme Damaged status Not for loan Permanent Location Current Location Date acquired Inventory number Full call number Barcode Date last seen Copy number Price effective from Koha item type
          Biblioteca ISALUD. Dr. Néstor Rodríguez Campoamor Biblioteca ISALUD. Dr. Néstor Rodríguez Campoamor 2023-12-01 1243 616.865 So71 1243 2023-12-01 ej. 2 2023-12-01 Libros
          Biblioteca ISALUD. Dr. Néstor Rodríguez Campoamor Biblioteca ISALUD. Dr. Néstor Rodríguez Campoamor 2023-12-01 1242 616.865 So71 1242 2023-12-01 ej. 1 2023-12-01 Libros